000 00574nam a2200181 i 4500
001 149729
003 ES-MaACL
005 20230906203230.0
007 t|
008 071024s1947 cu ||||1| spa d
100 1 _aVarona, Esteban Antonio de.
_9113244
245 1 0 _aTrinidad de Cuba /
_ctexto y fotografías por Esteban A. de Varona ; nota preliminar por Lydia Cabrera.
250 _a[2ª ed.].
260 _aLa Habana :
_bEditorial Alfa,
_c[1947]
300 _a34 p. :
_bil. ;
_c23 cm.
700 1 _aCabrera, Lydia.
_933292
852 _aES-MaACL
_j1562-F-12
_bR.26370
999 _c149729
_d149729